Heart of Asia / (Record no. 54027)
[ view plain ]
| 000 -LEADER | |
|---|---|
| fixed length control field | 00925nam a22002417a 4500 |
| 005 - DATE AND TIME OF LATEST TRANSACTION | |
| control field | 20110719140435.0 |
| 010 ## - LCCN (DPL NO) | |
| LC control number | B-430655 |
| 020 ## - INTERNATIONAL STANDARD BOOK NUMBER | |
| International Standard Book Number | 817769541x |
| Terms of availability | 110.00 |
| 020 ## - INTERNATIONAL STANDARD BOOK NUMBER | |
| International Standard Book Number | 9788177695410 |
| Terms of availability | 110.00 |
| 035 ## - SYSTEM CONTROL NUMBER | |
| System control number | B-430655 |
| 037 ## - SOURCE OF ACQUISITION | |
| Source of stock number/acquisition | Allied Publishers |
| 082 ## - DEWEY DECIMAL CLASSIFICATION NUMBER | |
| Classification number | 915 |
| 100 ## - MAIN ENTRY--PERSONAL NAME | |
| Personal name | Roerich, Nicholas |
| 245 ## - TITLE STATEMENT | |
| Title | Heart of Asia / |
| Statement of responsibility, etc | by Nicholas, Roerich |
| 260 ## - PUBLICATION, DISTRIBUTION, ETC. (IMPRINT) | |
| Place of publication, distribution, etc | Varanasi |
| Name of publisher, distributor, etc | Pilgrims Publishing |
| Date of publication, distribution, etc | 2007 |
| 270 ## - ADDRESS | |
| Address | B27/98, A-8, Nawabganj Road, Durga Kund, |
| City | Varanasi |
| Postal code | 91-542-2314060 |
| 300 ## - PHYSICAL DESCRIPTION | |
| Extent | 171p. |
| Dimensions | 15 cm ( pbk.) |
| 700 ## - ADDED ENTRY--PERSONAL NAME | |
| Personal name | Lal, Niharika |
| 9 (RLIN) | 29703 |
| 710 ## - ADDED ENTRY--CORPORATE NAME | |
| 9 (RLIN) | 29663 |
| 942 ## - ADDED ENTRY ELEMENTS (KOHA) | |
| Institution code [OBSOLETE] | dpl |
| Item type | English Books |
| Source of classification or shelving scheme | Dewey Decimal Classification |
| Call number suffix | ROE |
| Classification part | 915 |
| Withdrawn status | Lost status | Not for loan | Collection code | Home library | Current library | Date acquired | Source of acquisition | Cost, normal purchase price | Full call number | Barcode | Copy number | Cost, replacement price | Koha item type |
|---|---|---|---|---|---|---|---|---|---|---|---|---|---|
| Non-fiction | Central Library | Central Library | 27/07/2011 | Allied Publishers/CR/0002946/28.3.11/282/14.3.11/31.3.11 | 110.00 | 915 ROE | B-430655 | 1 | 110.00 | English Books |
